Toutes les écuries championnes du monde de Formule 1 - Statistiques

Statistiques générales
  • Ce quiz a été pris 6 134 fois
  • Le résultat moyen est 8 sur 14
Statistiques - réponses
Nombre de titre(s) Réponse % Correct
31 Ferrari
100%
15 Mercedes
98%
23 McLaren
96%
14 RedBull
95%
16 Williams
89%
4 Renault
84%
13 Lotus
60%
3 Benetton
43%
6 Brabham
35%
2 Tyrell
21%
4 Cooper
16%
1 Maserati
16%
2 BRM
14%
1 Vanwall
10%
Aucun quiz correspondant
Distribution des résultats
% des personnes avec chaque résultat
Percentile par nombre de réponses
Votre historique - résultats
Vous n’avez pas pris ce quiz